| 000 | 03466nam a2200409 a 4500 | ||
|---|---|---|---|
| 003 | CHAP | ||
| 005 | 20250127183216.0 | ||
| 007 | ta | ||
| 008 | 250127s2022 mx ado|fr|||| 001 0 spa d | ||
| 020 | _a978-607-17-2395-6 | ||
| 040 |
_amxchpua _cCHAP _erda |
||
| 041 |
_aspa _bspa _fspa _hspa |
||
| 050 | 1 | 0 |
_aGF26 _b.F73 2022 |
| 082 | 0 | 0 |
_220 _a304.2 _bF73 2022 |
| 100 | 1 |
_aFranco López, Jonathan _942966 |
|
| 245 | 1 | 0 |
_aEvaluación del impacto ambiental : _btécnicas y procedimientos metodológicos / _cJonathan Franco López |
| 250 | _a1a edición | ||
| 264 |
_aMéxico : _bTrillas, _c2022 |
||
| 300 |
_a319 páginas : _bilustraciones, gráficas, diagramas, tablas, fotos |
||
| 336 |
_2rdacontent _atexto _btxt |
||
| 337 |
_2rdamedia _asin medio _bn |
||
| 338 |
_2rdacarrier _avolumen _bnc |
||
| 504 | _aBibliografía: páginas 307-309 | ||
| 505 | 0 | _a1. Generalidades -- 2. La evaluación del impacto ambiental -- 3. Marco legal aplicable a los esudios de impacto ambiental -- 4. Aspectos relacionados con la evaluación de los componentes ambientales -- 5. Metodologías para identificación y evaluación de impactos ambientales -- 6. Metodologías (métodos ad hoc) para identificación y evaluación de impactos ambientales -- 7. Metodologías [listas de verificación o chequeo (checklist)] para identificación y evaluación de impactos ambientales -- 8. Metodologías (matrices) para identificación y evaluación de impactos ambientales -- 9. Metodologías (redes) para identificación y evaluación de impactos ambientales -- 10. Metodologías (métodos cartográficos) para identificación y evaluación de impactos ambientales -- 11. Otras metodologías para identificación y evaluación de impactos ambientales -- 12. Medidas de mitigación. | |
| 520 | 2 | _aLas evaluaciones de impacto ambiental pretenden, como principio, preservar en la mayor medida posible un equilibrio entre el desarrollo de la actividad y los componentes del ambiente, a sabiendas de que, por definición, toda actividad o proyecto humano lo altera en mayor o menor medida, No se trata entonces de constituir un obstáculo a las actividades , sino de convertirse en un instrumento que ayude a prevenir alteraciones significativas del entorno natural, así como las condiciones preexistentes y de los ecosistemas humanos, para mejorar las condiciones de vida de los grupos sociales.Este libro presenta diferentes metodologías para identificación y evaluación de impactos ambientales cuyo objetivo es, por una parte, la protección del ambiente y, por otra, revertir los problemas de degradación existentes, debidos a la explotación indiscriminada de los recursos naturales en diversas zonas del planeta. Con esto se busca poner en práctica alternativas de desarrollo sostenible o sustentable, que satisfagan las necesidades del presente sin comprometer las de generaciones futuras. | |
| 650 | 1 | 7 |
_aEcología humana _2atg _935179 |
| 650 | 1 | 3 |
_aEvaluación de impacto ambiental _2atg _9156818 |
| 650 | 1 | 3 |
_aSeres humanos _xManejo de recursos naturales _2atg _9189951 |
| 650 | 1 | 3 |
_aGestión ambiental _2atg _9143891 |
| 650 | 1 | 3 |
_aSostenibilidad ambiental _2atg _9189953 |
| 650 | 1 | 3 |
_aHuman ecology _2atg _9189950 |
| 650 | 1 | 3 |
_aEnvironmental assessment _2atg _9162347 |
| 650 | 1 | 3 |
_aHumans _xNatural resource management _2atg _9189952 |
| 650 | 1 | 3 |
_aEnvironmental management _2atg _9160239 |
| 650 | 1 | 3 |
_aEnvironmental sustainability _2atg _9189954 |
| 942 |
_2ddc _cLIBRO |
||
| 999 |
_c220390 _d220390 |
||